If TV Shows Had Flags - Statistics

General Stats
  • This quiz has been taken 535 times
    499 since last reset
  • The average score is 10 of 16
Answer Stats
Picture Hint Answer % Correct
1989–present The Simpsons
94%
2007–2019 The Big Bang Theory
91%
1990–1996 The Fresh Prince of Bel-Air
83%
1999–2002, 2005–present Family Guy
80%
1966–present Star Trek
80%
2008–2013 Breaking Bad
75%
1997–present South Park
75%
2013–2019 Orange Is the New Black
68%
1998–2004 Sex and the City
66%
2020 (miniseries) The Queen's Gambit
66%
2005–2013 The Office
61%
1994–2004 Friends
59%
2010–2015 Downton Abbey
48%
1989–1998 Seinfeld
36%
1990–1991 (2007) Twin Peaks
20%
2009–2020 Modern Family
11%
No matching quizzes found
Score Distribution
Percent of People with Each Score
Percentile by Number Answered
Your Score History
You have not taken this quiz since the last reset